000 00305nam a22001457a 4500
008 210311b ||||| |||| 00| 0 eng d
020 _a9781558102828
041 _aeng
080 _22nd
_a610.73
082 _22nd
_a610.73
100 _a1
101 _aINF
245 _aNursing
_cANA
942 _2udc
_cBK
999 _c56444
_d56444